Statistics for First Overall NFL Draft Picks

Click here to take the quiz!

General Stats

  • This quiz has been taken 204 times
    (185 since last reset)
  • The average score is 54 of 82

Answer Stats

NameCollege% Correct
Kenneth SimsTexas
92%
Earl CampbellTexas
92%
Tommy NobisTexas
92%
Andrew LuckStanford
90%
John ElwayStanford
90%
Bobby GarrettStanford
90%
Jim PlunkettStanford
90%
Tucker FredericksonAuburn
88%
Bo JacksonAuburn
88%
Aundray BruceAuburn
88%
Cam NewtonAuburn
88%
Jameis WinstonFlorida State
88%
Harry BabcockGeorgia
88%
Frank SinkwichGeorgia
88%
Charley TrippiGeorgia
88%
Matthew StaffordGeorgia
88%
Billy CannonLSU
86%
JaMarcus RussellLSU
86%
Sam BradfordOklahoma
86%
Billy SimsOklahoma
86%
Lee Roy SelmonOklahoma
86%
Tom HarmonMichigan
83%
Jake LongMichigan
83%
Peyton ManningTennessee
82%
George CafegoTennessee
82%
Ed JonesTennessee State
82%
Steve BartkowskiCalifornia
81%
Jared GoffCalifornia
81%
Dan WilkinsonOhio State
81%
Tom CousineauOhio State
81%
Orlando PaceOhio State
81%
Myles GarrettTexas A&M
81%
Keyshawn JohnsonUSC
81%
Carson PalmerUSC
81%
Ricky BellUSC
81%
O.J. SimpsonUSC
81%
Ron YaryUSC
81%
Jadeveon ClowneySouth Carolina
80%
George RogersSouth Carolina
80%
Harry GilmerAlabama
78%
Eli ManningOle Miss
77%
Troy AikmanUCLA
74%
Bill DudleyVirginia
74%
Bruce SmithVirginia Tech
70%
Michael VickVirginia Tech
70%
Chuck BednarikPenn
67%
Vinny TestaverdeMiami (FL)
66%
Russell MarylandMiami (FL)
66%
Bubba SmithMichigan State
63%
Alex SmithUtah
63%
Steve EmtmanWashington
60%
George ShawOregon
59%
Walt PatulskiNotre Dame
58%
Leon HartNotre Dame
58%
Frank DancewiczNotre Dame
58%
Angelo BertelliNotre Dame
58%
Paul HornungNotre Dame
58%
Ki-Jana CarterPenn State
58%
Courtney BrownPenn State
58%
David CarrFresno State
54%
Tim CouchKentucky
53%
Dave ParksTexas Tech
49%
Irving FryarNebraska
48%
Sam FrancisNebraska
48%
Bob FenimoreOklahoma State
46%
Drew BledsoeWashington State
46%
Jeff GeorgeIllinois
44%
Ernie DavisSyracuse
41%
Mario WilliamsNC State
38%
Randy DuncanIowa
37%
Terry BakerOregon State
37%
Eric FisherCentral Michigan
36%
Corbett DavisIndiana
34%
Ki AldrichTCU
30%
Terry BradshawLouisiana Tech
28%
Gary GlickColorado State
16%
Jay BerwangerChicago
15%
Kyle RoteSMU
15%
Bill WadeVanderbilt
15%
King HillRice
8%
Tommy MasonTulane
8%
John MatuszakTampa
4%

Score Distribution

Percentile by Number Answered

Percent of People with Each Score

Your Score History

You have not taken this quiz since the last reset